Loading...
Age of Extremes
| Main Author: | |
|---|---|
| Format: | Printed Book |
| Published: |
London
Penguin group
1994
|
| Subjects: |
| LEADER | 00458nam a22001457a 4500 | ||
|---|---|---|---|
| 020 | |a 0718133072 | ||
| 082 | |a 909 | ||
| 100 | |a Hobsbawm , Eric | ||
| 245 | |a Age of Extremes | ||
| 260 | |a London |b Penguin group |c 1994 | ||
| 300 | |a 627p | ||
| 650 | |a World history | ||
| 942 | |c BK | ||
| 999 | |c 288596 |d 288596 | ||
| 952 | |0 0 |1 0 |4 0 |6 909_000000000000000_HOB_A |7 0 |9 328025 |a HIS |b HIS |c ST1 |d 2014-06-03 |i 21653 |l 1 |o 909 HOB / A |p HIS21653 |q 2022-01-20 |r 2021-12-21 |s 2021-12-21 |w 2018-08-23 |y BK | ||